<?xml version="1.0" encoding="UTF-8"?>
<record
    xmlns:xsi="http://www.w3.org/2001/XMLSchema-instance"
    xsi:schemaLocation="http://www.loc.gov/MARC21/slim http://www.loc.gov/standards/marcxml/schema/MARC21slim.xsd"
    xmlns="http://www.loc.gov/MARC21/slim">

  <leader>00899cam a2200253   4500</leader>
  <controlfield tag="001">17821</controlfield>
  <controlfield tag="003">BD-RjUL</controlfield>
  <controlfield tag="005">20211209000210.0</controlfield>
  <controlfield tag="008">210822s2004    qa h     b    001 0 ara</controlfield>
  <datafield tag="020" ind1=" " ind2=" ">
    <subfield code="a">9770189960</subfield>
  </datafield>
  <datafield tag="035" ind1=" " ind2=" ">
    <subfield code="a">(BD-RjUL)17879</subfield>
  </datafield>
  <datafield tag="040" ind1=" " ind2=" ">
    <subfield code="a">DLC</subfield>
    <subfield code="c">DLC</subfield>
    <subfield code="d">DLC</subfield>
    <subfield code="d">BD-RjUL</subfield>
    <subfield code="b">eng</subfield>
  </datafield>
  <datafield tag="041" ind1=" " ind2=" ">
    <subfield code="a">ara</subfield>
  </datafield>
  <datafield tag="082" ind1=" " ind2=" ">
    <subfield code="a">892.70148</subfield>
    <subfield code="b">SHR 2004</subfield>
  </datafield>
  <datafield tag="100" ind1=" " ind2=" ">
    <subfield code="a">Shati, sulyman ;; &#x627;&#x644;&#x634;&#x637;&#x64A;,  &#x633;&#x644;&#x64A;&#x645;&#x627;&#x646;</subfield>
    <subfield code="9">247106</subfield>
  </datafield>
  <datafield tag="245" ind1="1" ind2="0">
    <subfield code="a">&#x627;&#x644;&#x631;&#x645;&#x632; &#x648;&#x627;&#x644;&#x631;&#x645;&#x632;&#x64A;&#x629; &#x641;&#x64A; &#x627;&#x62F;&#x628; &#x646;&#x62C;&#x64A;&#x628; &#x645;&#x62D;&#x641;&#x648;&#x638;;;  alramz walramziat fi adab najib mahfuz /</subfield>
    <subfield code="c">Sulyman Shati ;;;&#x633;&#x644;&#x64A;&#x645;&#x627;&#x646; &#x627;&#x644;&#x634;&#x637;&#x64A;</subfield>
  </datafield>
  <datafield tag="260" ind1=" " ind2=" ">
    <subfield code="a">Qahira :</subfield>
    <subfield code="b">Alhyatul Misriatu Amatu lilkitab,</subfield>
    <subfield code="c">2004</subfield>
  </datafield>
  <datafield tag="300" ind1=" " ind2=" ">
    <subfield code="a">431 p. ;</subfield>
    <subfield code="c">22 cm.</subfield>
  </datafield>
  <datafield tag="600" ind1=" " ind2=" ">
    <subfield code="a"> Ma&#x1E25;f&#x16B;&#x1E93;, Naj&#x12B;b ;  Criticism and interpretation.  </subfield>
    <subfield code="d">1911-2006 --</subfield>
    <subfield code="9">249519</subfield>
  </datafield>
  <datafield tag="650" ind1=" " ind2=" ">
    <subfield code="v">Arabic Literature</subfield>
    <subfield code="9">247107</subfield>
  </datafield>
  <datafield tag="650" ind1=" " ind2=" ">
    <subfield code="a">Symbolism in literature. </subfield>
    <subfield code="9">249520</subfield>
  </datafield>
  <datafield tag="942" ind1=" " ind2=" ">
    <subfield code="2">ddc</subfield>
    <subfield code="c">BK</subfield>
  </datafield>
  <datafield tag="999" ind1=" " ind2=" ">
    <subfield code="c">17821</subfield>
    <subfield code="d">17821</subfield>
  </datafield>
  <datafield tag="952" ind1=" " ind2=" ">
    <subfield code="0">0</subfield>
    <subfield code="1">0</subfield>
    <subfield code="2">ddc</subfield>
    <subfield code="4">0</subfield>
    <subfield code="7">1</subfield>
    <subfield code="8">NFIC</subfield>
    <subfield code="a">RUCL</subfield>
    <subfield code="b">RUCL</subfield>
    <subfield code="c">Reading</subfield>
    <subfield code="d">2009-11-17</subfield>
    <subfield code="e">Ahsania Mission, Dhaka</subfield>
    <subfield code="g">560.00</subfield>
    <subfield code="l">0</subfield>
    <subfield code="o">A 892.70148 SHR 2004</subfield>
    <subfield code="r">2021-08-23 00:00:00</subfield>
    <subfield code="t">C-1</subfield>
    <subfield code="w">2021-08-23</subfield>
    <subfield code="y">BK</subfield>
  </datafield>
  <datafield tag="952" ind1=" " ind2=" ">
    <subfield code="0">0</subfield>
    <subfield code="1">0</subfield>
    <subfield code="2">ddc</subfield>
    <subfield code="4">0</subfield>
    <subfield code="7">0</subfield>
    <subfield code="8">NFIC</subfield>
    <subfield code="a">RUCL</subfield>
    <subfield code="b">RUCL</subfield>
    <subfield code="c">Stack</subfield>
    <subfield code="d">2011-03-28</subfield>
    <subfield code="e">paragon, </subfield>
    <subfield code="g">7.74</subfield>
    <subfield code="l">0</subfield>
    <subfield code="o">A 892.70148 SHR 2004</subfield>
    <subfield code="r">2021-11-01 00:00:00</subfield>
    <subfield code="t">C-2</subfield>
    <subfield code="w">2021-11-01</subfield>
    <subfield code="y">BK</subfield>
  </datafield>
</record>
